ARRUPE JESUIT UNIVERSITY

CORONAVIRUS -STOP THE SPREAD - CLEAN,DISINFECT,COVER

Roger fry (Record no. 123876)

MARC details
000 -LEADER
fixed length control field 00449nam a22001457a 4500
005 - DATE AND TIME OF LATEST TRANSACTION
control field 20151210110324.0
008 - FIXED-LENGTH DATA ELEMENTS--GENERAL INFORMATION
fixed length control field 151210b xxu||||| |||| 00| 0 eng d
050 ## - LIBRARY OF CONGRESS CALL NUMBER
Classification number N7483.F79
Item number W66 1976
100 ## - MAIN ENTRY--PERSONAL NAME
Personal name Woolf, Virginia
9 (RLIN) 20175
245 ## - TITLE STATEMENT
Title Roger fry
Remainder of title a biography
Statement of responsibility, etc by Woolf, Virginia
260 ## - PUBLICATION, DISTRIBUTION, ETC. (IMPRINT)
Place of publication, distribution, etc New York
Name of publisher, distributor, etc Harcourt Brace Jovanovich
Date of publication, distribution, etc 1976
300 ## - PHYSICAL DESCRIPTION
Extent 303p.;
Dimensions 21cm.
600 ## - SUBJECT ADDED ENTRY--PERSONAL NAME
Personal name Fry, Roger Eliot
Dates associated with a name 1866- 1934
9 (RLIN) 21307
942 ## - ADDED ENTRY ELEMENTS (KOHA)
Source of classification or shelving scheme Library of Congress Classification
Item type Monograph ( Printed materials)
Holdings
Withdrawn status Lost status Source of classification or shelving scheme Damaged status Not for loan Collection code Home library Current library Shelving location Date acquired Total Checkouts Full call number Barcode Date last seen Price effective from Koha item type
    Library of Congress Classification     Main Collection ARRUPE LIBRARY ARRUPE LIBRARY Main Collection 10/12/2015   N7483.F79W66 1976 46500005755 03/07/2018 10/12/2015 Monograph ( Printed materials)

 

Arrupe Library. PO Box MP320 Mt Pleasant, Harare, Zimbabwe
263 242 745411|librarian@aju.ac.zw